| 000 -LEADER |
| fixed length control field |
00548cam a22001577a 4500 |
| 008 - FIXED-LENGTH DATA ELEMENTS--GENERAL INFORMATION |
| fixed length control field |
180718b2000 xxu||||| |||| 00| 0 eng d |
| 082 ## - DEWEY DECIMAL CLASSIFICATION NUMBER |
| Classification number |
APPPA 99-2000 CHI |
| 100 ## - MAIN ENTRY--PERSONAL NAME |
| Personal name |
Chimni, H.J.S. |
| 245 ## - TITLE STATEMENT |
| Title |
What is wrong with Indian sports in general and Hockey in particular |
| Statement of responsibility, etc. |
by H.J.S. Chimni |
| 260 ## - PUBLICATION, DISTRIBUTION, ETC. |
| Place of publication, distribution, etc. |
New Delhi |
| Name of publisher, distributor, etc. |
Indian Institute of Public Administration |
| Date of publication, distribution, etc. |
2000 |
| 300 ## - PHYSICAL DESCRIPTION |
| Extent |
112p. |
| 500 ## - GENERAL NOTE |
| General note |
An APPPA M.Phil. dissertation, 99-2000 (Guide: R.K. Tiwari) |
| 650 ## - SUBJECT ADDED ENTRY--TOPICAL TERM |
| Topical term or geographic name entry element |
APPPA |
| 650 ## - SUBJECT ADDED ENTRY--TOPICAL TERM |
| Topical term or geographic name entry element |
Hockey - Tournaments - India |
| 650 ## - SUBJECT ADDED ENTRY--TOPICAL TERM |
| Topical term or geographic name entry element |
Sports - India |